00421nam a2200157 a 450000100060000000300090000600800410001502000150005604000280007108200170009910000240011624500450014026000320018530000110021765000350022818638CO-ViMGA141112s2004 ck r 000 u spa d a9682927625 aCO-ViMGAbspacCO-ViMGA04aM 860.5 M1771 aMartinez, Jose Luis10aLiteratura Mexicana siglo XX 1910 - 1949 aMexico, cConaculta, c2001 a374.p.14aLITERATURA MEXICANA - SIGLO XX